Normal view
MARC view
- Signal processing
Entry Topical Term
001 - CONTROL NUMBER
- control field: 94002
003 - CONTROL NUMBER IDENTIFIER
- control field: NUST
005 - DATE AND TIME OF LATEST TRANSACTION
- control field: 20220720103415.0
008 - FIXED-LENGTH DATA ELEMENTS
- fixed length control field: 220720|| aca||aabn | a|a d
040 ## - CATALOGING SOURCE
- Original cataloging agency: NUST
- Transcribing agency: NUST
150 ## - HEADING--TOPICAL TERM
- Topical term or geographic name entry element: Signal processing
- General subdivision: Mathematics
670 ## - SOURCE DATA FOUND
- Source citation: Work cat.: (NUST)174721: Hanzo, Lajos, 94000, Turbo coding, turbo equalisation, and space-time coding /, c2002.
